| 000 | 00844cam a2200301 4500 | ||
|---|---|---|---|
| 001 | 5091 | ||
| 003 | BD-RjUL | ||
| 005 | 20211208234016.0 | ||
| 008 | 751017s19621957nyu 001 0 eng | ||
| 035 | _a(OCoLC)ocm01711773 | ||
| 035 | _a(BD-RjUL)5127 | ||
| 035 | _a(NNC)2426448 | ||
| 040 |
_aDLC _cJPL _dOCL _dUKM _dZCU _beng |
||
| 041 | _aeng | ||
| 082 |
_a368.3 _bMAL 1962 |
||
| 090 |
_aHG8771 _b.M224 1962 |
||
| 100 | 1 |
_aMaclean, Joseph B. _q(Joseph Brotherton), _d1889- _916034 |
|
| 245 | 0 | 0 |
_aLife insurance / _cJoseph B Maclean |
| 250 | _a9th ed. | ||
| 260 |
_aNew York : _bMcGraw-Hill, _c1962. |
||
| 300 |
_a617 p. ; _c21 cm. |
||
| 490 | 1 | _aMcGraw-Hill insurance series | |
| 526 | _bEconomics | ||
| 650 | 0 |
_aLife insurance. _916035 |
|
| 830 | 0 |
_aMcGraw-Hill insurance series. _9151432 |
|
| 942 |
_2ddc _cBK |
||
| 999 |
_c5091 _d5091 |
||